000
00332nam a22001457a 4500
008
210527b ||||| |||| 00| 0 eng d
020
_a
0721668526
041
_a
eng
080
_2
3rd
_a
616.8
082
_a
616.8
100
_a
7
101
_a
NEU
245
_a
Clinical Pediatric Neurology
_c
Gerald M. Fenichel
942
_2
udc
_c
BK
999
_c
57745
_d
57745